LDR 00717nam a2200205 i 4500 001 000000190547 003 CaOOAMICUS 005 20100621000000.0 008 100621s1927 it u000 u ita u 013 $a168960 040 $aSeMil$bita 245 10$aSalita del Monte Carmelo. 300 $aXV, 336 p. 700 0 $aJuan : de la Cruz,$c
.$0(OLS)http://semarc/name/3819 773 0 $tOpere.$dMilano : S. Lega Eucaristica, 1927-1929.$gVolume1$w()23436 850 $aSeMil 852 $aSeMil$W1$xVenegono$y1$m3H II 223$j141164$B141164$CSeMilBibl$Z2$F152771 $81 900 0 $aGiovanni : della Croce. 996 $6245$aSalita del Monte Carmelo$9(OLS)http://semarc/title/274506